00461nam a22000977a 450000500170000010000140001724500880003126001980011965000260031765000200034320250812161420.0 aOkuyama M 0aFuture development of the tire industries and their impact on natural rubber market bProceedings of the International Rubber Marketing Conference 1996 held in Phuket, 11-13 April.roceedings of the International Rubber Marketing Conference 1996 held in Phuket, 11-13 April.p53-61 aNatural rubber market aTire industries